The New Analytical Bible and Dictionary of the Bible (Record no. 6908)

MARC details
000 -LEADER
fixed length control field 00562nam a22001697a 4500
003 - CONTROL NUMBER IDENTIFIER
control field GBCCL
005 - DATE AND TIME OF LATEST TRANSACTION
control field 20251128144451.0
008 - FIXED-LENGTH DATA ELEMENTS--GENERAL INFORMATION
fixed length control field 180703b ||||| |||| 00| 0 eng d
040 ## - CATALOGING SOURCE
Transcribing agency GBC
082 ## - DEWEY DECIMAL CLASSIFICATION NUMBER
Classification number 220.52033
Item number NEW
245 ## - TITLE STATEMENT
Title The New Analytical Bible and Dictionary of the Bible
Remainder of title Authorized King James Version
250 ## - EDITION STATEMENT
Edition statement Comprehensive Subject Index Edition
260 ## - PUBLICATION, DISTRIBUTION, ETC.
Place of publication, distribution, etc. Chicago:
Name of publisher, distributor, etc. John A. Dickson Publishing Company,
Date of publication, distribution, etc. 1950
300 ## - PHYSICAL DESCRIPTION
Extent xiv,1702p.
Other physical details con. ref.; concordance; maps; bible places;
650 ## - SUBJECT ADDED ENTRY--TOPICAL TERM
Topical term or geographic name entry element Bible
Form subdivision Dictionary
9 (RLIN) 11935
942 ## - ADDED ENTRY ELEMENTS (KOHA)
Source of classification or shelving scheme Dewey Decimal Classification
Koha item type Reference Books
Holdings
Withdrawn status Lost status Source of classification or shelving scheme Damaged status Not for loan Home library Current Library Shelving location Date acquired Total checkouts Full call number Barcode Date last seen Copy number Price effective from Koha item type
    Dewey Decimal Classification     GRACE BIBLE COLLEGE GRACE BIBLE COLLEGE Bible 2018-07-03   220.3 NEW 013275 2025-05-01 c.1 2018-07-03 Reference Books
© Grace Bible College Library 2025